All Presidential Losers - Statistics

General Stats
  • This quiz has been taken 29 times
  • The average score is 39 of 60
Answer Stats
Year Winner Loser % Correct
2016 Donald Trump Hillary Clinton
96%
2024 Donald Trump Kamala Harris
96%
1800 Thomas Jefferson Aaron Burr / John Adams / Charles C. Pinckney
92%
1812 James Madison De Witt Clinton
92%
2020 Joseph Biden Donald Trump
92%
2000 George Bush Al Gore
88%
1789 George Washington John Adams
88%
1792 George Washington John Adams
88%
1820 James Monroe John Quincy Adams
88%
1828 Andrew Jackson John Quincy Adams
88%
1960 John F. Kennedy Richard Nixon
88%
1992 Bill Clinton George H.W. Bush
85%
1976 Jimmy Carter Gerald Ford
85%
2004 George Bush John Kerry
85%
2012 Barack Obama Mitt Romney
85%
1980 Ronald Reagan Jimmy Carter
81%
2008 Barack Obama John McCain
81%
1796 John Adams Thomas Jefferson
81%
1912 Woodrow Wilson Theodore Roosevelt / William Taft
77%
1996 Bill Clinton Bob Dole
73%
1892 Grover Cleveland Benjamin Harrison
69%
1888 Benjamin Harrison Grover Cleveland
69%
1932 Franklin D. Roosevelt Herbert Hoover
69%
1984 Ronald Reagan Walter Mondale
69%
1836 Martin Van Buren William Henry Harrison
69%
1968 Richard Nixon Hubert Humphrey
65%
1952 Dwight D. Eisenhower Adlai Stevenson
62%
1956 Dwight D. Eisenhower Adlai Stevenson
62%
1824 John Quincy Adams Henry Clay / William Crawford / Andrew Jackson
62%
1840 William Henry Harrison Martin Van Buren
62%
1988 George H.W. Bush Michael Dukakis
62%
1944 Franklin D. Roosevelt Thomas Dewey
62%
1948 Harry Truman Thomas Dewey
62%
1964 Lyndon B. Johnson Barry Goldwater
58%
1864 Abraham Lincoln George McClellan
58%
1832 Andrew Jackson Henry Clay
58%
1844 James K. Polk Henry Clay
58%
1860 Abraham Lincoln John C. Breckinridge / John Bell / Stephen Douglas
58%
1928 Herbert Hoover Al Smith
54%
1804 Thomas Jefferson Charles C. Pinckney
54%
1808 James Madison Charles C. Pinckney
54%
1972 Richard Nixon George McGovern
54%
1936 Franklin D. Roosevelt Alf Landon
50%
1904 Theodore Roosevelt Alton B. Parker
50%
1924 Calvin Coolidge John Davis
50%
1876 Rutherford B. Hayes Samuel Tilden
50%
1896 William McKinley William Jennings Bryan
50%
1900 Theodore Roosevelt William Jennings Bryan
50%
1908 William Taft William Jennings Bryan
50%
1916 Woodrow Wilson Charles Evans Hughes
46%
1920 Warren Harding James Cox
46%
1856 James Buchanan John Fremont
46%
1880 James Garfield Winfield Hancock
46%
1868 Ulysses S. Grant Horatio Seymour
42%
1884 Grover Cleveland James Blaine
42%
1940 Franklin D. Roosevelt Wendell Willkie
42%
1852 Franklin Pierce Winfield Scott
42%
1848 Zachary Taylor Lewis Cass
38%
1816 James Monroe Rufus King
35%
1872 Ulysses S. Grant Thomas A. Hendricks
27%
No matching quizzes found
Score Distribution
Percent of People with Each Score
Percentile by Number Answered
Your Score History
You have not taken this quiz